000 00661nas a2200217 4500
001 000037527
003 DO-SdBNP
005 20240830123811.0
008 120423c19839999dr ur1p d 0 0spa d
040 _aDO-SdBNP
_bspa
_cBNPHU
043 _anwdr
245 0 0 _aYelidá :
_brevista de arte y literatura.
260 _aSanto Domingo :
_bAlfa y Omega,
_c1983.
300 _av.- :
_bil. ;
_c29 cm.
310 _aDesconocido
362 1 _ano.1 (jun. 1983)
500 _aCatalogación basada en: no.1(junio, 1983)
500 _aTítulo tomado de la cubierta
650 4 _aLiteratura
_vPUBLICACIOES PERIÓDICAS
_zRepública Dominicna
_963983
942 _2ddc
_cISSUE
999 _c37017
_d37017